01157 2200361 4500001002100000005001500021035002000036007000300056040001700059100002800076245019600104250001100300300003700311020002200348041000800370082001000378090002100388264004200409336002100451337003000472338002300502650001800525700003900543850001000582008004100592084001600633500003600649990002200685990002200707990002200729990002200751990002200773INLIS00000000000438920260526113839 a0010-0122000021ta aSBPUPADbind0 aDhika, DuweeePengarang1 aSimple Recipes for Home Cooking ala Dabeldi Kitchen :bseratus sepuluh plus resep mudah dan hits dari instagram serta tips praktis ala @dabeldi_kitchen /cDuwee Dhika; penyunting, Puput Alvia acet. 1 axii, 252 hlm. :billus. ;c24 cm a978-602-5868-13-90 aind a641.7 a641.7 DUW s 27-6 ayogyakarta :bBright Publisher,c2019 2rdacontentaTeks 2rdamediaaTanpa Perantara 2rdacarrieravolume 4aresep makanan0 aPenyunting, Puput AlviaePengarang aPUPAD260526 0  a641.7 DUW s aprofil penulis, halaman 250-251 a35.708/S.DPK/2021 a35.711/S.DPK/2021 a35.708/S DPK/2021 a35.709/S DPK/2021 a35.710/S DPK/2021